000 00867nam a2200241Ia 4500
003 OSt
005 20220923212025.0
006 a|||||r|||| 00| 0
007 ta
008 220922b |||||||| |||| 00| 0 hin d
024 _a149,954
037 _cTextual
040 _aARTS
_cARTS
_bhin
041 _2hin
_ahin
082 _an2,N75, 152L5
100 _aगोयल, शिवकुमार, संपा.
_9159453
245 0 _aहिन्दुस्तान समाचार वार्षिकी 1975, संस्क 9
246 _aHindustān samāchār vārṣhikī 1975, sanska0 9
260 _aदिल्ली
_b हिनदुस्तान समाचार
_c1975
300 _a408p
_ccm.
942 _hn2,N75, 152L5
_cTEXL
_2CC
999 _c305634
_d305634